[Event "Xtracon Grand Master 2015"]
[Site "Koge"]
[Date "2015.10.16"]
[Round "6"]
[White "Bruun, Henrik Emil"]
[Black "Hoi, Carsten"]
[Result "1/2-1/2"]
[WhiteElo "2115"]
[BlackElo "2377"]
[PlyCount "116"]
[EventDate "2015.??.??"]

1. e4 g6 2. d4 Bg7 3. Nc3 d6 4. Be3 c6 5. Qd2 b5 6. Bd3 Nd7 7. Nf3 Nb6 8. b3
Bg4 9. O-O Bxf3 10. gxf3 Nf6 11. a4 bxa4 12. Nxa4 O-O 13. Kh1 Qd7 14. Rg1 Nh5
15. Ra2 Qh3 16. Be2 Nd7 17. f4 f5 18. Nc3 Ndf6 19. exf5 gxf5 20. Bf1 Qh4 21. f3
Kh8 22. Bd3 e6 23. Qe1 Qxe1 24. Rxe1 Bh6 25. Ra6 Rfc8 26. Rea1 Rc7 27. d5 exd5
28. Bxf5 Bxf4 29. Bxa7 Re7 30. Bd4 Rxa6 31. Rxa6 Re1+ 32. Kg2 c5 33. Bf2 Re8
34. Ra7 Be5 35. Nb5 Ng7 36. Bh3 Nfh5 37. Kf1 Bxh2 38. Nc7 Rf8 39. Nxd5 Nf4 40.
Nxf4 Bxf4 41. Rd7 Be5 42. Ke2 Nh5 43. Bf1 Nf4+ 44. Kd2 Nd5 45. Be2 Bf4+ 46. Ke1
Nb4 47. Bd1 Rf6 48. Ke2 Re6+ 49. Kf1 Rf6 50. Ke2 Kg8 51. c3 Re6+ 52. Kf1 Nd3
53. Bc2 Ne5 54. Rxh7 Nxf3 55. Rb7 Re5 56. Bh7+ Kf8 57. Bd3 Nd2+ 58. Kg2 Be3
1/2-1/2

[Event "Xtracon Grand Master 2015"]
[Site "Koge"]
[Date "2015.10.16"]
[Round "6"]
[White "Jacobsen, Mikkel Manosri"]
[Black "Chittka, Julius"]
[Result "1/2-1/2"]
[WhiteElo "2331"]
[BlackElo "2053"]
[PlyCount "88"]
[EventDate "2015.??.??"]

1. d4 Nf6 2. Nf3 g6 3. c4 Bg7 4. Nc3 d5 5. Bf4 O-O 6. e3 c5 7. Be2 cxd4 8. exd4
Nc6 9. c5 Ne4 10. O-O Bg4 11. Be3 b6 12. cxb6 axb6 13. Rc1 Qd6 14. a3 Rfc8 15.
h3 Be6 16. Nb5 Qd7 17. Bf4 h6 18. b4 f5 19. Nc7 Rxa3 20. Bb5 Nc3 21. Rxc3 Rxc3
22. Qe1 Rxf3 23. gxf3 Bf7 24. Qc1 Rxc7 25. Bxc7 Qxc7 26. Qxc6 Qxc6 27. Bxc6
Bxd4 28. b5 Bc3 29. f4 Kg7 30. Kg2 Kf6 31. Kf3 d4 32. h4 Ke6 33. Ke2 Kd6 34.
Kd3 Kc5 35. Rg1 Bc4+ 36. Kc2 Bf7 37. Kd3 h5 38. Bd7 Kd6 39. Bc6 e5 40. fxe5+
Kxe5 41. Rg3 Be1 42. Rg2 Bc3 43. Rg1 Kf4 44. Rg3 Ke5 1/2-1/2

[Event "Xtracon Grand Master 2015"]
[Site "Koge"]
[Date "2015.10.16"]
[Round "6"]
[White "Hartung Nielsen, Jens"]
[Black "Larsen, Ulrik"]
[Result "1-0"]
[WhiteElo "2183"]
[BlackElo "1996"]
[PlyCount "47"]
[EventDate "2015.??.??"]

1. e4 c5 2. d4 cxd4 3. c3 d3 4. Bxd3 d6 5. c4 Nf6 6. Nc3 e6 7. Nf3 Nc6 8. O-O
Be7 9. h3 O-O 10. Be3 a6 11. Rc1 b6 12. Bb1 Bb7 13. Qe2 Nd7 14. Rfd1 Re8 15.
Bf4 Qb8 16. b3 Nde5 17. Nh2 Nd7 18. Qd2 Nc5 19. Bxd6 Bxd6 20. Qxd6 Qc8 21. Qg3
e5 22. Nd5 Nd4 23. Qe3 Re6 24. Nf3 1-0

[Event "Xtracon Grand Master 2015"]
[Site "Koge"]
[Date "2015.10.16"]
[Round "6"]
[White "Anghel, Mihai Ursta"]
[Black "Molvig, Henrik"]
[Result "0-1"]
[WhiteElo "1929"]
[BlackElo "2125"]
[PlyCount "54"]
[EventDate "2015.??.??"]

1. e4 c5 2. Nf3 d6 3. d4 cxd4 4. Nxd4 Nf6 5. Nc3 a6 6. Be3 e5 7. Nb3 Be6 8. f3
Be7 9. Qd2 O-O 10. O-O-O Nbd7 11. g4 b5 12. h4 b4 13. Na4 a5 14. g5 Nh5 15. Bh3
Qc7 16. Qf2 Rab8 17. Bxe6 fxe6 18. Nd2 Qc6 19. b3 d5 20. exd5 exd5 21. Nf1 d4
22. Bxd4 exd4 23. Qxd4 Rbd8 24. Nh2 Nb8 25. Qg4 Rc8 26. Rd2 Nf4 27. Rhd1 Na6
0-1

[Event "Xtracon Grand Master 2015"]
[Site "Koge"]
[Date "2015.10.16"]
[Round "6"]
[White "Pedersen, Henrik Dahl"]
[Black "Philipsen, William Horup"]
[Result "1-0"]
[WhiteElo "2199"]
[BlackElo "1955"]
[PlyCount "55"]
[EventDate "2015.??.??"]

1. d4 d5 2. c4 e5 3. dxe5 d4 4. Nf3 Nc6 5. g3 f6 6. exf6 Nxf6 7. Bg2 Be6 8. Qa4
Qd7 9. O-O Bh3 10. Rd1 O-O-O 11. Bg5 Be7 12. Nc3 h6 13. Bxf6 Bxf6 14. Nd5 h5
15. b4 Bxg2 16. Kxg2 h4 17. b5 hxg3 18. bxc6 Qh3+ 19. Kg1 gxf2+ 20. Kxf2 Bh4+
21. Kg1 Bg3 22. Rxd4 Bxh2+ 23. Kf2 Rde8 24. e3 Rhf8 25. Nf4 Bxf4 26. Rxf4 Qe6
27. Qxa7 bxc6 28. Rd1 1-0

[Event "Xtracon Grand Master 2015"]
[Site "Koge"]
[Date "2015.10.16"]
[Round "6"]
[White "Moe, Mogens"]
[Black "Martinez Vestergaard, Kristian"]
[Result "1/2-1/2"]
[WhiteElo "2082"]
[BlackElo "1891"]
[PlyCount "106"]
[EventDate "2015.??.??"]

1. e4 e6 2. d4 d5 3. Nd2 c5 4. Ngf3 Nc6 5. Bb5 Nf6 6. e5 Nd7 7. dxc5 Bxc5 8.
O-O O-O 9. Nb3 Be7 10. Qe2 a6 11. Bd3 Nb4 12. Be3 Re8 13. c4 Nxd3 14. Qxd3 f6
15. exf6 Nxf6 16. Rfd1 Bd7 17. Ne5 Bc6 18. Nd4 Bd6 19. f4 Qc7 20. Ndf3 Rad8 21.
Rac1 Nd7 22. Ng5 Nf6 23. Bd4 h6 24. Ngf7 Bxe5 25. Nxe5 Ne4 26. Qe3 Qe7 27. Nxc6
bxc6 28. cxd5 cxd5 29. Rc6 Rd6 30. Rdc1 Rxc6 31. Rxc6 Qb7 32. Rb6 Qc8 33. h3
Re7 34. Kh2 Rc7 35. Qe2 Rf7 36. Be5 Qc1 37. g3 g5 38. Rb3 Kh7 39. Rf3 a5 40.
Rf1 Qd2 41. Re1 gxf4 42. gxf4 Rf5 43. b3 Rxe5 44. fxe5 Qf4+ 45. Kg2 Qg3+ 46.
Kf1 Qxh3+ 47. Qg2 Qf5+ 48. Kg1 Qxe5 49. Rc1 Qd4+ 50. Kh2 Qe5+ 51. Kg1 Qd4+ 52.
Kh2 Qe5+ 53. Kg1 Qd4+ 1/2-1/2

[Event "Xtracon Grand Master 2015"]
[Site "Koge"]
[Date "2015.10.16"]
[Round "6"]
[White "Nielsen, Jan Mose"]
[Black "Kirkebaekke, Mark"]
[Result "1-0"]
[WhiteElo "2014"]
[BlackElo "1759"]
[PlyCount "115"]
[EventDate "2015.??.??"]

1. e4 d5 2. exd5 Nf6 3. d4 Nxd5 4. c4 Nf6 5. Nc3 Nc6 6. d5 Ne5 7. Qd4 Ng6 8.
Nge2 e5 9. Qd3 Bc5 10. Bd2 O-O 11. g3 Ne7 12. Bg2 Bf5 13. Ne4 Ng6 14. b4 Nxe4
15. Bxe4 Bxe4 16. Qxe4 Be7 17. Rd1 f5 18. Qc2 Bg5 19. Bc3 f4 20. Qe4 fxg3 21.
hxg3 Qe7 22. Rd3 Rf7 23. f3 Raf8 24. Kf2 Rf5 25. Kg2 h6 26. c5 Qd7 27. c6 bxc6
28. dxc6 Qe6 29. a4 R5f6 30. b5 Qf5 31. Qxf5 Rxf5 32. Be1 Be7 33. Nc3 Bb4 34.
Ne4 Bxe1 35. Rxe1 h5 36. Ree3 h4 37. Rd7 R8f7 38. Red3 hxg3 39. Rxf7 Rxf7 40.
Rd8+ Rf8 41. Rd7 Rf7 42. Ng5 Rf5 43. Ne4 Rf7 44. Nc5 Nf4+ 45. Kxg3 Ne2+ 46. Kf2
Nd4 47. Kg2 Kf8 48. Rd5 Nxf3 49. Rd8+ Ke7 50. Rd7+ Kf6 51. Rxf7+ Kxf7 52. Kxf3
Ke7 53. Ke4 Kd6 54. Na6 g5 55. Nxc7 Kxc7 56. Kxe5 g4 57. Kf4 Kb6 58. Kxg4 1-0

[Event "Xtracon Grand Master 2015"]
[Site "Koge"]
[Date "2015.10.16"]
[Round "6"]
[White "Marthedal, Anton Mehmet Yildiz"]
[Black "Nielsen, Morten Majlund"]
[Result "0-1"]
[WhiteElo "1866"]
[BlackElo "1980"]
[PlyCount "68"]
[EventDate "2015.??.??"]

1. d4 d5 2. Nf3 Nf6 3. e3 e6 4. Bd3 c5 5. b3 Nc6 6. O-O Bd6 7. Bb2 Qc7 8. a3
O-O 9. dxc5 Bxc5 10. Bxf6 gxf6 11. Nbd2 Ne7 12. c4 dxc4 13. Nxc4 Ng6 14. b4 Be7
15. Rc1 Rd8 16. Qe2 Qd7 17. Rc3 b6 18. h4 Bb7 19. h5 Nf8 20. Nd4 Qd5 21. Qg4+
Qg5 22. Qh3 f5 23. Ne5 Rac8 24. Rfc1 f4 25. Nec6 Bxc6 26. exf4 Bxg2 27. Bxh7+
Kh8 28. fxg5 Bxh3 29. Rxc8 Rxd4 30. R1c7 Bd6 31. Rxf8+ Bxf8 32. Rxf7 Bd6 33.
Bc2 Rg4+ 34. Kh1 Bg2+ 0-1

[Event "Xtracon Grand Master 2015"]
[Site "Koge"]
[Date "2015.10.16"]
[Round "6"]
[White "Andersen, Bjarne Hjorth"]
[Black "Jacobsen, Heidrikur T"]
[Result "1/2-1/2"]
[WhiteElo "2037"]
[BlackElo "1963"]
[PlyCount "64"]
[EventDate "2015.??.??"]

1. e4 d6 2. d4 g6 3. Nc3 Bg7 4. Nf3 Nf6 5. Be2 O-O 6. O-O c6 7. h3 Qc7 8. Be3
e5 9. Qd2 Nbd7 10. Rad1 b5 11. a3 a5 12. dxe5 dxe5 13. b4 Bb7 14. Rfe1 Rfd8 15.
Qc1 axb4 16. axb4 Nf8 17. Qb2 Ne6 18. g3 Nd4 19. Nxd4 exd4 20. Bxd4 Rxd4 21.
Rxd4 Qb6 22. Red1 Nd5 23. Nxd5 cxd5 24. c3 Bxd4 25. Rxd4 dxe4 26. Qd2 Ra1+ 27.
Bd1 Qe6 28. Rd8+ Kg7 29. Qd4+ Kh6 30. Qd2+ Kg7 31. Qd4+ Kh6 32. Qd2+ Kg7
1/2-1/2

[Event "Xtracon Grand Master 2015"]
[Site "Koge"]
[Date "2015.10.16"]
[Round "6"]
[White "Jensen, Tommy"]
[Black "Wang, Peter"]
[Result "0-1"]
[WhiteElo "1849"]
[BlackElo "1888"]
[PlyCount "84"]
[EventDate "2015.??.??"]

1. Nf3 d5 2. d4 e6 3. Bf4 Bd6 4. Bxd6 cxd6 5. e3 Nf6 6. Bd3 Nc6 7. O-O Ne4 8.
Nbd2 f5 9. c4 O-O 10. cxd5 exd5 11. Qb3 Nf6 12. a3 Kh8 13. Qc2 Ne4 14. Qb3 Nf6
15. Qc2 g6 16. Nb3 Bd7 17. Bb5 Rc8 18. Qe2 Qb6 19. Rfc1 Rc7 20. Nbd2 Rfc8 21.
Qf1 Ne4 22. Nxe4 fxe4 23. Ng5 Kg7 24. b4 a6 25. Be2 Rf8 26. g4 h6 27. Nh3 g5
28. Qg2 Ne7 29. f4 Kg6 30. f5+ Kf6 31. Qf1 Rfc8 32. Nf2 Rc2 33. Rxc2 Rxc2 34.
Rc1 Qc7 35. Rxc2 Qxc2 36. h4 Qd2 37. hxg5+ hxg5 38. Nd1 Ba4 39. Kf2 Bb5 40. Qe1
Qc2 41. Kf1 Bd3 42. Qf2 Qxd1+ 0-1

[Event "Xtracon Grand Master 2015"]
[Site "Koge"]
[Date "2015.10.16"]
[Round "6"]
[White "Hansen, Lars Henrik Bech"]
[Black "Stage Steffensen, Sander"]
[Result "1-0"]
[WhiteElo "1956"]
[BlackElo "1515"]
[PlyCount "101"]
[EventDate "2015.??.??"]

1. e4 d6 2. d4 Nf6 3. Nc3 e5 4. Bc4 Nbd7 5. Nf3 Be7 6. O-O h6 7. Be3 c6 8. a4
Qc7 9. Bb3 g5 10. g3 Nf8 11. Ne1 Ng6 12. a5 Rg8 13. d5 Qd7 14. a6 Qh3 15. f3 g4
16. f4 exf4 17. Bxf4 Nxf4 18. Rxf4 Nh5 19. axb7 Bxb7 20. dxc6 Bxc6 21. Bxf7+
Kd7 22. Bxg8 Nxf4 23. Bh7 h5 24. gxf4 Qe3+ 25. Kh1 g3 26. Ng2 Qf2 27. Bf5+ Kc7
28. Nd5+ Kd8 29. Qe1 Qxc2 30. Qa5+ Ke8 31. Nc7+ Kf7 32. Be6+ Kg7 33. Nxa8 Qxe4
34. Qc3+ Bf6 35. Qxg3+ Kf8 36. Re1 Qxg2+ 37. Qxg2 Bxg2+ 38. Kxg2 Bxb2 39. Rb1
Bf6 40. Rb7 Be7 41. Rxa7 h4 42. Kf3 h3 43. Kg4 d5 44. Bxd5 Bd6 45. Kxh3 Ke8 46.
Kg4 Kd8 47. h4 Bc5 48. Rf7 Bd4 49. f5 Ke8 50. Nc7+ Kd8 51. Ne6+ 1-0

[Event "Xtracon Grand Master 2015"]
[Site "Koge"]
[Date "2015.10.16"]
[Round "6"]
[White "Tolba, Henri"]
[Black "Bojesen, Villads Ussing"]
[Result "1/2-1/2"]
[WhiteElo "1717"]
[BlackElo "1929"]
[PlyCount "42"]
[EventDate "2015.??.??"]

1. d4 Nf6 2. Nf3 e6 3. Bf4 c5 4. c3 d5 5. e3 Nc6 6. Nbd2 Bd6 7. Bg3 O-O 8. Bd3
Re8 9. Ne5 a6 10. f4 Qc7 11. Ndf3 Ne4 12. Bxe4 dxe4 13. Nd2 f5 14. Ndc4 Be7 15.
Qh5 Rf8 16. Bh4 Bd6 17. Nxd6 Qxd6 18. O-O Nxe5 19. fxe5 Qc7 20. Qe2 c4 21. g4
b5 1/2-1/2

[Event "Xtracon Grand Master 2015"]
[Site "Koge"]
[Date "2015.10.16"]
[Round "6"]
[White "Nielsen, Jens Holm"]
[Black "Andersen, Daniel"]
[Result "1-0"]
[WhiteElo "1827"]
[BlackElo "1869"]
[PlyCount "129"]
[EventDate "2015.??.??"]

1. d4 Nf6 2. Bf4 c5 3. c3 cxd4 4. Qxd4 Nc6 5. Qa4 d6 6. Nd2 g6 7. Ngf3 Bg7 8.
e3 Bd7 9. Qc2 O-O 10. Be2 Rb8 11. O-O b5 12. Bg3 Nh5 13. Ne1 Nxg3 14. hxg3 Be6
15. Nb3 Bc4 16. Nd4 Qb6 17. Nef3 Rbc8 18. Nxc6 Qxc6 19. Nd4 Qc7 20. Rac1 Bxe2
21. Qxe2 Qb6 22. Qg4 Rc7 23. Qe2 e6 24. Qd3 d5 25. f4 a6 26. g4 Rfc8 27. Rce1
Rc4 28. Nb3 a5 29. Nd2 R4c7 30. Rb1 a4 31. Rf2 a3 32. bxa3 Rxc3 33. Rxb5 Qa6
34. Qe2 Rxe3 35. Qxe3 Qxb5 36. Nb3 Qa4 37. Qb6 Qxa3 38. f5 Qe7 39. Qa6 Rb8 40.
Rc2 gxf5 41. gxf5 d4 42. fxe6 fxe6 43. Re2 e5 44. Qd3 Qf7 45. Nc5 Re8 46. Qb3
Qxb3 47. axb3 Rb8 48. Kf2 Kf7 49. Kf3 Ke7 50. Ke4 Kd6 51. Na4 Rxb3 52. Nb2 Rxb2
53. Rxb2 Ke6 54. Rb7 Bf6 55. Rxh7 Bg5 56. Rb7 Bf6 57. Rb6+ Kf7 58. g3 d3 59.
Kxd3 Bg5 60. Ke4 Bd8 61. Rc6 Ba5 62. Kxe5 Be1 63. g4 Bg3+ 64. Kf5 Be1 65. Rc7+
1-0

[Event "Xtracon Grand Master 2015"]
[Site "Koge"]
[Date "2015.10.16"]
[Round "6"]
[White "Hein, Jacob"]
[Black "Nielsen, Kai Gylling"]
[Result "1/2-1/2"]
[WhiteElo "1415"]
[BlackElo "1755"]
[PlyCount "90"]
[EventDate "2015.??.??"]

1. c4 e5 2. Nc3 f5 3. e4 Nf6 4. Nd5 d6 5. d3 c6 6. Nxf6+ Qxf6 7. exf5 Bxf5 8.
Nf3 h6 9. Be2 Nd7 10. O-O Be7 11. Qb3 Nc5 12. Qd1 Ne6 13. Be3 c5 14. Qa4+ Kf7
15. Nd2 Qg6 16. Qd1 Bxd3 17. Bh5 Bxf1 18. Nxf1 Qxh5 19. Qxh5+ g6 20. Qf3+ Kg7
21. Qxb7 Rhe8 22. Qd7 Nf8 23. Qh3 g5 24. Ng3 Kh8 25. Qxh6+ Nh7 26. Nf5 Bf8 27.
Qh5 Rab8 28. Bxg5 Re6 29. Qh4 Rb7 30. b3 Rf7 31. Ne3 Rg6 32. Qh5 Kg7 33. h4
Nxg5 34. hxg5 Be7 35. f3 Rxg5 36. Qh3 Kg8 37. Re1 Rh7 38. Qe6+ Rf7 39. Ng4 Kg7
40. Kf2 Rg6 41. Qc8 Rf8 42. Qd7 Rf7 43. Qc8 Rf8 44. Qd7 Rf7 45. Qc8 Rf8 1/2-1/2

[Event "Xtracon Grand Master 2015"]
[Site "Koge"]
[Date "2015.10.16"]
[Round "6"]
[White "Rendlev, Niels Moller"]
[Black "Rasmussen, Henning"]
[Result "0-1"]
[WhiteElo "1777"]
[BlackElo "1800"]
[PlyCount "98"]
[EventDate "2015.??.??"]

1. g3 d5 2. f4 c5 3. Nf3 Nc6 4. d3 b6 5. Bg2 Bb7 6. Nc3 e6 7. O-O Nf6 8. e4 d4
9. Ne2 Be7 10. h3 Qc7 11. Bd2 b5 12. a4 a6 13. g4 h6 14. axb5 axb5 15. Rxa8+
Bxa8 16. Ng3 g6 17. Qe2 O-O 18. g5 hxg5 19. Nxg5 Nh7 20. Nxh7 Kxh7 21. e5 Bh4
22. Ne4 Ne7 23. Ra1 Bxe4 24. dxe4 Ng8 25. Qg4 Be7 26. h4 Nh6 27. Qh3 Rg8 28. h5
g5 29. Rf1 gxf4 30. Bxf4 Bg5 31. Bh2 Be3+ 32. Kh1 Qe7 33. Bf4 Bxf4 34. Rxf4 Qg5
35. Qf3 Qg3 36. Qf1 Rg5 37. Rxf7+ Nxf7 38. Qxf7+ Rg7 39. Qf3 Qxf3 40. Bxf3 Rg5
41. Kh2 Rxe5 42. Kg3 Rg5+ 43. Kf4 Kh6 44. e5 Rg8 45. Ke4 Kg5 46. b4 Rf8 47. Be2
Rf4+ 48. Kd3 c4+ 49. Kd2 Re4 0-1

[Event "Xtracon Grand Master 2015"]
[Site "Koge"]
[Date "2015.10.16"]
[Round "6"]
[White "Stuhr, Finn"]
[Black "Schjolin, John"]
[Result "1-0"]
[WhiteElo "1753"]
[BlackElo "1285"]
[PlyCount "91"]
[EventDate "2015.??.??"]

1. e4 c5 2. Nc3 d6 3. Bc4 Nf6 4. d3 Bg4 5. f3 Bh5 6. Nge2 e5 7. O-O Be7 8. Ng3
Bg6 9. f4 exf4 10. Bxf4 O-O 11. Nce2 a6 12. a4 Nc6 13. c3 Ng4 14. d4 Na5 15.
Bd3 Qb6 16. Bc1 c4 17. Bc2 Nb3 18. Bxb3 Qxb3 19. Qxb3 cxb3 20. Nf4 h6 21. Nxg6
fxg6 22. h3 Nf6 23. Bf4 Nh5 24. Nxh5 gxh5 25. e5 dxe5 26. Bxe5 Rxf1+ 27. Kxf1
Rf8+ 28. Kg1 Bh4 29. g3 Be7 30. Re1 Rf3 31. Kg2 Rd3 32. Re2 Rd1 33. Bxg7 Bg5
34. Be5 Rd2 35. Rxd2 Bxd2 36. d5 Kf7 37. c4 Bc1 38. Kf3 a5 39. Ke4 b6 40. h4
Ke7 41. Kd3 Kd7 42. Bd4 Kc7 43. Ke4 Kb7 44. Kf5 Bd2 45. Ke6 Kc7 46. d6+ 1-0

[Event "Xtracon Grand Master 2015"]
[Site "Koge"]
[Date "2015.10.16"]
[Round "6"]
[White "Bue, Gunnar"]
[Black "Nielsen, Bjorn"]
[Result "1-0"]
[WhiteElo "1640"]
[BlackElo "1358"]
[PlyCount "93"]
[EventDate "2015.??.??"]

1. d4 d5 2. c4 Nf6 3. Nf3 e6 4. e3 Bb4+ 5. Bd2 Bxd2+ 6. Qxd2 O-O 7. Nc3 dxc4 8.
Bxc4 Nc6 9. O-O a5 10. Rfd1 b6 11. a3 Ba6 12. Ba2 Ne7 13. Rac1 Rc8 14. Ne5 Bb7
15. f3 Nfd5 16. e4 Nxc3 17. Rxc3 f6 18. Bxe6+ Kh8 19. Nf7+ Rxf7 20. Bxf7 h6 21.
Be6 Rb8 22. d5 Bc8 23. Bxc8 Rxc8 24. d6 Qxd6 25. Qxd6 cxd6 26. Rxd6 Rxc3 27.
bxc3 b5 28. Rb6 b4 29. cxb4 axb4 30. axb4 Kg8 31. b5 Ng6 32. Re6 Kf7 33. Ra6
Ne5 34. b6 Nc6 35. b7 Nb8 36. Ra8 Nc6 37. Rc8 Ne5 38. b8=Q g5 39. Qb3+ Ke7 40.
Qg8 h5 41. Qe8+ Kd6 42. Qf8+ Kd7 43. Qd8+ Ke6 44. Qd5+ Ke7 45. Rc7+ Nd7 46.
Qxd7+ Kf8 47. Qd8# 1-0

[Event "Xtracon Grand Master 2015"]
[Site "Koge"]
[Date "2015.10.16"]
[Round "6"]
[White "Gottschalck, Christian"]
[Black "Stage Steffensen, Theo"]
[Result "1-0"]
[WhiteElo "1817"]
[BlackElo "1033"]
[PlyCount "39"]
[EventDate "2015.??.??"]

1. e4 d6 2. d4 Nf6 3. Nc3 e5 4. dxe5 dxe5 5. Qxd8+ Kxd8 6. f3 c6 7. Bc4 Bb4 8.
Nge2 h6 9. Bxf7 b6 10. Be3 Ba6 11. O-O-O+ Nbd7 12. a3 Bxc3 13. Nxc3 Kc7 14. Rd2
Bb7 15. Rhd1 b5 16. Be6 Rhd8 17. Kb1 a5 18. h4 b4 19. Na4 Nf8 20. Bb6+ 1-0

[Event "Xtracon Grand Master 2015"]
[Site "Koge"]
[Date "2015.10.17"]
[Round "8"]
[White "Korneev, Oleg"]
[Black "Chatalbashev, Boris"]
[Result "0-1"]
[WhiteElo "2594"]
[BlackElo "2550"]
[PlyCount "55"]
[EventDate "2015.??.??"]

1. e4 g6 2. d4 Bg7 3. Nc3 d6 4. Be3 Nf6 5. f3 O-O 6. Qd2 e5 7. Nge2 exd4 8.
Nxd4 d5 9. e5 Nfd7 10. e6 Ne5 11. exf7+ Nxf7 12. Nb3 c6 13. O-O-O Nd7 14. Kb1
b5 15. Bd4 Nfe5 16. f4 Bh6 17. g3 Nc4 18. Bxc4 bxc4 19. Nc5 Nxc5 20. Bxc5 Rf7
21. Bd4 Rb8 22. Be5 Rb6 23. Ne4 Bg4 24. Rde1 Bf3 25. Rhf1 Bxe4 26. Rxe4 Rfb7
27. Rxc4 Qe7 28. Ra4 0-1

[Event "Xtracon Grand Master 2015"]
[Site "Koge"]
[Date "2015.10.17"]
[Round "8"]
[White "Rozentalis, Eduardas"]
[Black "Maiorov, Nikita"]
[Result "1/2-1/2"]
[WhiteElo "2541"]
[BlackElo "2538"]
[PlyCount "21"]
[EventDate "2015.??.??"]

1. e4 e5 2. Nf3 Nc6 3. Bb5 a6 4. Bxc6 dxc6 5. O-O Qf6 6. d4 exd4 7. Bg5 Qd6 8.
Nxd4 Be7 9. Bxe7 Nxe7 10. Nc3 O-O 11. Nde2 1/2-1/2

[Event "Xtracon Grand Master 2015"]
[Site "Koge"]
[Date "2015.10.17"]
[Round "8"]
[White "Miezis, Normunds"]
[Black "Fier, Alexandr"]
[Result "0-1"]
[WhiteElo "2494"]
[BlackElo "2624"]
[PlyCount "77"]
[EventDate "2015.??.??"]

1. c4 c6 2. e4 d5 3. exd5 cxd5 4. cxd5 Nf6 5. Nc3 Nxd5 6. Nf3 g6 7. Bb5+ Nc6 8.
Ne5 Qd6 9. d4 Bg7 10. O-O Nxc3 11. bxc3 O-O 12. f4 Be6 13. a4 Qc7 14. Qf3 Nxe5
15. fxe5 f6 16. exf6 Rxf6 17. Bf4 Qb6 18. Qg3 Rc8 19. Be5 Rxf1+ 20. Rxf1 Bxe5
21. Qxe5 Rxc3 22. h4 a6 23. Be2 Rc8 24. Bf3 Rd8 25. Rd1 Qd6 26. Qe3 b5 27. axb5
axb5 28. h5 b4 29. d5 Bf5 30. h6 Rb8 31. Kh1 b3 32. Qc3 Qf6 33. Qc7 Rc8 34. Qb7
b2 35. d6 exd6 36. Be4 Rc1 37. Qb8+ Bc8 38. Qb3+ Kf8 39. g3 0-1

[Event "Xtracon Grand Master 2015"]
[Site "Koge"]
[Date "2015.10.17"]
[Round "8"]
[White "Bekker Jensen, Simon"]
[Black "Doluhanova, Evgeniya"]
[Result "1/2-1/2"]
[WhiteElo "2438"]
[BlackElo "2216"]
[PlyCount "43"]
[EventDate "2015.??.??"]

1. d4 Nf6 2. c4 e6 3. Nc3 Bb4 4. e3 O-O 5. Bd3 d5 6. Nf3 c5 7. O-O cxd4 8. exd4
dxc4 9. Bxc4 Nc6 10. a3 Be7 11. Re1 a6 12. Ba2 b5 13. d5 exd5 14. Nxd5 Nxd5 15.
Bxd5 Bb7 16. Bf4 Na5 17. Bxb7 Nxb7 18. Qxd8 Bxd8 19. Rac1 Bf6 20. Ne5 Na5 21.
Rc7 Rfe8 22. Kf1 1/2-1/2

[Event "Xtracon Grand Master 2015"]
[Site "Koge"]
[Date "2015.10.17"]
[Round "8"]
[White "Blomqvist, Erik"]
[Black "Nielsen, Hogni Egilstoft"]
[Result "1-0"]
[WhiteElo "2530"]
[BlackElo "2314"]
[PlyCount "127"]
[EventDate "2015.??.??"]

1. e4 e5 2. Nf3 Nc6 3. Bb5 a6 4. Ba4 Nf6 5. d3 b5 6. Bb3 Be7 7. O-O d6 8. a3
O-O 9. Nc3 Nb8 10. a4 b4 11. Nd5 Nxd5 12. Bxd5 c6 13. Bb3 a5 14. d4 Nd7 15. Be3
Ba6 16. Re1 Qc7 17. dxe5 dxe5 18. Nd2 Rad8 19. Bc4 Bb7 20. Qe2 Nb6 21. Bd3 Ra8
22. f3 Nd7 23. Qf2 Rfc8 24. Red1 Nf8 25. Bb6 Qb8 26. Nb3 Ba6 27. Bc5 Bxc5 28.
Nxc5 Bxd3 29. cxd3 Qd6 30. Rac1 Ne6 31. Nxe6 Qxe6 32. Qc5 Qa2 33. Qc2 b3 34.
Qc4 Qxb2 35. Rb1 Qc2 36. Qxb3 Qc5+ 37. Kf1 h6 38. Ke2 Qd6 39. Rdc1 Rab8 40. Qc3
Rxb1 41. Rxb1 Rd8 42. Rb3 Qc7 43. Rb5 Qa7 44. Qxa5 Qd4 45. Rb3 c5 46. Qb6 Rd6
47. Qc7 Rg6 48. g3 Rf6 49. Rb5 Qxa4 50. Rxc5 Qa2+ 51. Rc2 Qa1 52. Rc1 Qb2+ 53.
Qc2 Qb5 54. h4 Kh7 55. h5 Qd7 56. Qc8 Qxc8 57. Rxc8 Ra6 58. Rc7 Kg8 59. f4 Re6
60. Kf3 Rd6 61. Ke3 Re6 62. Rc8+ Kh7 63. Rf8 exf4+ 64. gxf4 1-0

[Event "Xtracon Grand Master 2015"]
[Site "Koge"]
[Date "2015.10.17"]
[Round "8"]
[White "Bekker Jensen, David"]
[Black "Antonsen, Mikkel"]
[Result "0-1"]
[WhiteElo "2287"]
[BlackElo "2459"]
[PlyCount "62"]
[EventDate "2015.??.??"]

1. d4 Nf6 2. c4 g6 3. g3 c6 4. Bg2 d5 5. e3 Bg7 6. Ne2 O-O 7. O-O Nbd7 8. cxd5
cxd5 9. Nbc3 e6 10. Bd2 a6 11. a4 b6 12. a5 bxa5 13. Nc1 Nb6 14. Rxa5 Nc4 15.
Ra2 h5 16. Nd3 Nxd2 17. Qxd2 h4 18. Ne5 hxg3 19. hxg3 Qd6 20. f4 Rb8 21. Bf3
Nd7 22. Qh2 Nxe5 23. fxe5 Qe7 24. Be2 Rb6 25. Bd3 Qg5 26. Rf4 f6 27. exf6 Rxf6
28. Qf2 e5 29. dxe5 Qxe5 30. Nxd5 Qxd5 31. Bc4 Qxc4 0-1

[Event "Xtracon Grand Master 2015"]
[Site "Koge"]
[Date "2015.10.17"]
[Round "8"]
[White "Ahlander, Bjorn"]
[Black "Hagen, Andreas Skytte"]
[Result "1/2-1/2"]
[WhiteElo "2378"]
[BlackElo "2396"]
[PlyCount "71"]
[EventDate "2015.??.??"]

1. d4 Nf6 2. c4 e6 3. Nc3 Bb4 4. Qc2 O-O 5. a3 Bxc3+ 6. Qxc3 b6 7. Bg5 Bb7 8.
f3 h6 9. Bh4 d5 10. e3 Nbd7 11. cxd5 Nxd5 12. Bxd8 Nxc3 13. Bh4 Nd5 14. Bf2 c5
15. Bb5 Rfd8 16. e4 Nf4 17. Ne2 Nxe2 18. Kxe2 cxd4 19. Bxd4 Rac8 20. Rac1 Nc5
21. Bxc5 Rxc5 22. Rxc5 bxc5 23. Rc1 Rc8 24. Rd1 Kf8 25. b3 Bc6 26. Bxc6 Rxc6
27. Rd8+ Ke7 28. Ra8 Ra6 29. a4 c4 30. bxc4 Rxa4 31. e5 Rxc4 32. Rxa7+ Ke8 33.
Ra8+ Ke7 34. Ra7+ Ke8 35. Ra8+ Ke7 36. Ra7+ 1/2-1/2

[Event "Xtracon Grand Master 2015"]
[Site "Koge"]
[Date "2015.10.17"]
[Round "8"]
[White "Petersen, Peter Birk"]
[Black "Danielsen, Henrik"]
[Result "0-1"]
[WhiteElo "2179"]
[BlackElo "2509"]
[PlyCount "96"]
[EventDate "2015.??.??"]

1. e4 c5 2. Nf3 g6 3. d4 Bg7 4. dxc5 Qa5+ 5. c3 Qxc5 6. Be3 Qc7 7. Bd3 Nc6 8.
Na3 Nf6 9. O-O O-O 10. Qd2 d6 11. h3 a6 12. Nc4 b5 13. Nb6 Rb8 14. Nxc8 Rfxc8
15. Bh6 Nd7 16. Bxg7 Kxg7 17. Nh4 Nc5 18. f4 a5 19. Rae1 Qd8 20. Bb1 e5 21. Qf2
exf4 22. Qxf4 Ne5 23. Qg3 Kh8 24. Nf3 Qe7 25. Rd1 Ncd7 26. Nd4 b4 27. Bc2 bxc3
28. bxc3 Rc5 29. Bb3 Rbc8 30. Ne2 Nb6 31. Rd4 Ra8 32. Nf4 Rac8 33. Ne2 Kg7 34.
Qf4 Ra8 35. Rb1 Ra6 36. Qd2 a4 37. Bd5 Qc7 38. Rdb4 Nxd5 39. exd5 Ra7 40. Nd4
Qd7 41. Rb8 Rac7 42. Nc6 Nxc6 43. dxc6 Qxc6 44. Qd4+ Re5 45. R8b6 Qxc3 46. Qxd6
Qe3+ 47. Kh2 Qf4+ 48. Kh1 Rc1+ 0-1

[Event "Xtracon Grand Master 2015"]
[Site "Koge"]
[Date "2015.10.17"]
[Round "8"]
[White "Okhotnik, Vladimir"]
[Black "Schou Moldt, Thomas"]
[Result "1-0"]
[WhiteElo "2448"]
[BlackElo "2144"]
[PlyCount "71"]
[EventDate "2015.??.??"]

1. e4 c5 2. Nf3 d6 3. Bc4 Nf6 4. d3 Nc6 5. c3 e6 6. Bb3 Be7 7. O-O O-O 8. Re1
b5 9. Nbd2 Bb7 10. Nf1 a5 11. Bc2 Qc7 12. Ng3 a4 13. a3 Rfe8 14. Bf4 Nd7 15.
Rc1 Nde5 16. Bb1 Qb6 17. Be3 Ng4 18. Bg5 Nge5 19. Bxe7 Nxf3+ 20. Qxf3 Rxe7 21.
Nh5 Qd8 22. Qg3 g6 23. Re3 Rc7 24. Rf3 f5 25. exf5 Ne5 26. Rf4 exf5 27. Rxf5
Kh8 28. Rxe5 dxe5 29. Qxe5+ Kg8 30. Ba2+ c4 31. Nf6+ Kf7 32. dxc4 bxc4 33. Nxh7
Rac8 34. Ng5+ Kg8 35. Ne6 Rf7 36. Nxd8 1-0